Manual para el control de la contaminación ambiental de efluentes líquidos en la industria costarricense
محفوظ في:
| المؤلف الرئيسي: | |
|---|---|
| التنسيق: | كتاب |
| منشور في: |
San José, C.R
2002
|
| الموضوعات: | |
| الوسوم: |
إضافة وسم
لا توجد وسوم, كن أول من يضع وسما على هذه التسجيلة!
|
MARC
| LEADER | 00000nam a2200000Ia 4500 | ||
|---|---|---|---|
| 003 | 008870 | ||
| 005 | 20221231144157.0 | ||
| 008 | 140114s2001 cr a m 000 ||s d | ||
| 040 | |c cru CEDI | ||
| 090 | |a TFG 4430 | ||
| 100 | |a Vargas Morgan, Johnny |9 7531 | ||
| 245 | |a Manual para el control de la contaminación ambiental de efluentes líquidos en la industria costarricense | ||
| 260 | |c 2002 |a San José, C.R | ||
| 300 | |a ix, 138 hojas | ||
| 500 | |a Proyecto de graduación (licenciatura en ingeniería química)--Universidad de Costa Rica. Facultad de Ingeniería. Escuela de Ingeniería Química | ||
| 650 | |x CONTAMINACION INDUSTRIAL |x GUAS RESIDUALES |x RESIDUOS AGRICOLAS |x RESIDUOS SOLIDOS |x MANIPULACION |x PURIFICACION DE AGUAS RESIDUALES |9 7532 | ||
| 942 | |c TFG | ||
| 999 | |c 18010 |d 18010 | ||
